[Event "Heusenstamm Schloss op"]
[Site "Heusenstamm"]
[Date "2023.11.23"]
[Round "1"]
[White "Stehning, Toni"]
[Black "Haack, Kevin"]
[Result "0-1"]
[WhiteElo "1666"]
[BlackElo "2302"]
[PlyCount "84"]
[EventDate "2023.11.23"]
[EventType "swiss"]
[EventRounds "7"]
[EventCountry "GER"]
[SourceTitle "CB48_2023"]
[SourceDate "2023.11.29"]
[SourceVersion "1"]
[SourceVersionDate "2023.11.29"]
[SourceQuality "1"]

1. e4 c5 2. Nc3 Nc6 3. g3 g6 4. d3 Bg7 5. Bg2 d6 6. Nge2 e6 7. 0-0 Nge7 8. Be3 Nd4 9. Qd2 0-0 10. Nd1 Nec6 11. c3 Nxe2+ 12. Qxe2 b6 13. Qd2 Ba6 14. f4 d5 15. exd5 exd5 16. f5 Ne5 17. Bh6 f6 18. fxg6 hxg6 19. Bxg7 Kxg7 20. c4 dxc4 21. Bxa8 Qxa8 22. dxc4 Bxc4 23. Rf2 Nf3+ 24. Rxf3 Qxf3 25. Ne3 Bb5 26. Qf2 Qxf2+ 27. Kxf2 Rd8 28. Rd1 Rxd1 29. Nxd1 Bc4 30. a3 Kf7 31. Ke3 Ke6 32. Nc3 Ke5 33. Ne4 Bd5 34. Nc3 Bc6 35. h3 g5 36. a4 f5 37. Nb5 a6 38. Nc7 Kd6 39. Nxa6 Bb7 40. Nb8 Kc7 41. h4 f4+ 42. gxf4 gxh4 0-1

[Event "Bayern Jubilar U12"]
[Site "Bayreuth"]
[Date "2022.08.29"]
[Round "4"]
[White "Stehning, Toni"]
[Black "Heller, Benedikt"]
[Result "1/2-1/2"]
[WhiteElo "1522"]
[BlackElo "1739"]
[PlyCount "50"]
[EventDate "2022.08.27"]
[EventType "swiss"]
[EventRounds "7"]
[EventCountry "GER"]
[SourceTitle "EXT 2023"]
[Source "ChessBase"]
[SourceDate "2022.10.05"]
[SourceVersion "1"]
[SourceVersionDate "2022.10.05"]
[SourceQuality "1"]

1. e4 c5 2. Nc3 Nc6 3. g3 g6 4. d3 Bg7 5. Bg2 d6 6. Nge2 e6 7. Be3 Nge7 8. Qd2 Nd4 9. Nd1 Rb8 10. c3 Nxe2 11. Qxe2 Bd7 12. 0-0 0-0 13. f4 Qc7 14. Nf2 f5 15. Rac1 Bc6 16. b4 b6 17. d4 cxb4 18. cxb4 Qd7 19. Rfd1 d5 20. e5 Ba4 21. Re1 Rfc8 22. Bd2 Bb5 23. Qe3 Bc4 24. a3 Rc7 25. Nd3 Rbc8 1/2-1/2

[Event "Bayern Jubilar U12"]
[Site "Bayreuth"]
[Date "2022.08.27"]
[Round "1"]
[White "Stehning, Toni"]
[Black "Neumeier, Valentina"]
[Result "1-0"]
[WhiteElo "1522"]
[BlackElo "1433"]
[PlyCount "47"]
[EventDate "2022.08.27"]
[EventType "swiss"]
[EventRounds "7"]
[EventCountry "GER"]
[SourceTitle "EXT 2023"]
[Source "ChessBase"]
[SourceDate "2022.10.05"]
[SourceVersion "1"]
[SourceVersionDate "2022.10.05"]
[SourceQuality "1"]

1. d4 d5 2. c4 e6 3. Nc3 Nf6 4. Bg5 Be7 5. e3 a6 6. Nf3 0-0 7. cxd5 Nxd5 8. Bxe7 Nxe7 9. Bd3 Nd7 10. Qc2 h6 11. 0-0 b5 12. Rac1 Bb7 13. Be4 Bxe4 14. Nxe4 Nd5 15. a3 N7b6 16. Nc3 Rc8 17. Nxd5 Qxd5 18. Qc6 Qb3 19. Qc2 Qc4 20. Ne5 Qxc2 21. Rxc2 f6 22. Nc6 Rf7 23. Na5 Rd7 24. Rfc1 1-0

[Event "Bad Soden U10 op"]
[Site "Bad Soden"]
[Date "2019.10.06"]
[Round "9"]
[White "Stehning, Toni"]
[Black "Duetsch, Hannes"]
[Result "1-0"]
[WhiteElo "781"]
[BlackElo "905"]
[PlyCount "213"]
[EventDate "2019.10.03"]
[EventType "swiss"]
[EventRounds "9"]
[EventCountry "GER"]
[SourceTitle "CBM 192 Extra"]
[Source "Chessbase"]
[SourceDate "2019.11.06"]
[SourceVersion "1"]
[SourceVersionDate "2019.11.06"]
[SourceQuality "1"]

1. e4 c5 2. Nf3 Nc6 3. Nc3 d6 4. Bc4 Nf6 5. d3 g6 6. Be3 Bg7 7. 0-0 0-0 8. Nd5 Nxd5 9. exd5 Na5 10. Bg5 Nxc4 11. dxc4 Bxb2 12. Rb1 Bg7 13. Re1 Re8 14. Re2 h6 15. Bh4 Bg4 16. Re3 b6 17. h3 Bf5 18. Qe1 Bxc2 19. Rc1 Bf5 20. Bxe7 Qc7 21. Rd1 a5 22. Rd2 Bc3 23. Rxc3 Rxe7 24. Re3 Rae8 25. Rde2 Rxe3 26. fxe3 Bd3 27. Rd2 Bxc4 28. Nh4 Qe7 29. Rc2 Bxd5 30. Rc3 Bxa2 31. Qd2 Be6 32. Nf3 Bd7 33. Qb2 Bc6 34. Rb3 Bd5 35. Rc3 Qc7 36. Qb5 Bc6 37. Qc4 b5 38. Qe2 a4 39. Rc1 b4 40. Nh2 Qe7 41. Ng4 Kh7 42. Rf1 h5 43. Nf6+ Kg7 44. Nxe8+ Qxe8 45. Rd1 Bb5 46. Qb2+ Kh7 47. Re1 a3 48. Qf6 d5 49. Qb6 d4 50. Qxc5 a2 51. Qxd4 b3 52. Qb6 Ba4 53. Qb7 a1Q 54. Rxa1 Qxe3+ 55. Kh1 Be8 56. Rb1 Qe6 57. Rxb3 Bc6 58. Qb6 Bd5 59. Qxe6 Bxe6 60. Rf3 Kh6 61. h4 g5 62. Rf6+ Kg7 63. hxg5 Bg4 64. Kh2 Be2 65. Kg3 Bg4 66. Kf4 Be2 67. Ke5 Bd1 68. Kd6 Bg4 69. Ke7 Be6 70. g3 Bc4 71. Kd6 Bb3 72. Ke5 Be6 73. Kf4 Bd5 74. Ke3 Bb7 75. Kf2 Bd5 76. Kg1 Be6 77. Kh2 Bg4 78. Rh6 Be2 79. Kh3 Bg4+ 80. Kh4 Be2 81. Rxh5 Bxh5 82. Kxh5 Kg8 83. g6 Kf8 84. g4 Kg8 85. gxf7+ Kxf7 86. Kh6 Kf6 87. g5+ Kf7 88. Kh7 Ke6 89. g6 Ke5 90. g7 Kd4 91. g8Q Ke5 92. Qg6 Kd4 93. Qf5 Kc4 94. Qe5 Kd3 95. Qf4 Kc3 96. Qe4 Kb3 97. Qd4 Kc2 98. Qe3 Kb2 99. Qd3 Kc1 100. Qe2 Kb1 101. Qd2 Ka1 102. Kg6 Kb1 103. Kf5 Ka1 104. Ke4 Kb1 105. Kd3 Ka1 106. Kc3 Kb1 107. Qb2# 1-0

[Event "Bad Soden U10 op"]
[Site "Bad Soden"]
[Date "2019.10.05"]
[Round "6"]
[White "Stehning, Toni"]
[Black "Angrick, Otto Nikolaus"]
[Result "1-0"]
[WhiteElo "781"]
[BlackElo "1009"]
[PlyCount "147"]
[EventDate "2019.10.03"]
[EventType "swiss"]
[EventRounds "9"]
[EventCountry "GER"]
[SourceTitle "CBM 192 Extra"]
[Source "Chessbase"]
[SourceDate "2019.11.06"]
[SourceVersion "1"]
[SourceVersionDate "2019.11.06"]
[SourceQuality "1"]

1. e4 e5 2. Nf3 Nf6 3. Nxe5 d6 4. Nf3 Nxe4 5. Qe2 Qe7 6. d3 Nf6 7. Qxe7+ Bxe7 8. g3 Nc6 9. Bg2 Bg4 10. 0-0 Bxf3 11. Bxf3 Nb4 12. Bxb7 Rb8 13. Bg2 Nxc2 14. Bc6+ Nd7 15. Bxd7+ Kxd7 16. Na3 Nxa1 17. Be3 Bf6 18. Bxa7 Rb7 19. Be3 Re8 20. Rxa1 Bxb2 21. Rb1 Reb8 22. Nc4 Be5 23. Nxe5+ dxe5 24. Rd1 Rb1 25. Bc1 Ra8 26. Kg2 Rxa2 27. d4 Ke6 28. dxe5 Ke7 29. Bg5+ f6 30. exf6+ gxf6 31. Bxf6+ Kxf6 32. Rxb1 c5 33. Rc1 Ra5 34. Kh3 Ke5 35. f4+ Kd4 36. Re1 c4 37. g4 c3 38. f5 c2 39. f6 Kd3 40. f7 Ra8 41. Re8 Rxe8 42. fxe8Q c1Q 43. Qd7+ Ke2 44. Qe6+ Kd3 45. Qf5+ Ke2 46. Qe4+ Kf2 47. Qg2+ Ke3 48. Qg3+ Ke4 49. Kg2 Qc2+ 50. Qf2 Qxf2+ 51. Kxf2 Kf4 52. h3 Kg5 53. Kg3 h6 54. h4+ Kg6 55. h5+ Kg5 56. Kf3 Kf6 57. Kf4 Kf7 58. Kf5 Kg7 59. Ke6 Kg8 60. Kf6 Kh7 61. Kf7 Kh8 62. Kg6 Kg8 63. Kxh6 Kf7 64. Kh7 Kf8 65. g5 Kf7 66. g6+ Kf6 67. g7 Kg5 68. g8Q+ Kxh5 69. Qg1 Kh4 70. Kg7 Kh5 71. Kf6 Kh4 72. Kf5 Kh3 73. Kf4 Kh4 74. Qh1# 1-0